ბათუმის შოთა რუსთაველის სახელმწიფო უნივერსიტეტის ბიბლიოთეკა

ამერიკის შეერთერბული შტატების 100 წლის ისტორია -xx საუკუნე.სახელმძღვანელო ისტორიის ფაკ-ტის სტუდენტებისათვის (ბიბ.ჩანაწერი № 34853)

000 -LEADER
fixed length control field 00872nam a2200217Ia 4500
001 - CONTROL NUMBER
control field 671
003 - CONTROL NUMBER IDENTIFIER
control field GE_BSU
008 - FIXED-LENGTH DATA ELEMENTS--GENERAL INFORMATION
fixed length control field 181216s||||||||xx |||||||||||||| ||und||
040 ## - CATALOGING SOURCE
Transcribing agency GE_BSU
080 ## - UNIVERSAL DECIMAL CLASSIFICATION NUMBER
Universal Decimal Classification number 94(7/8)(075.8)
100 ## - MAIN ENTRY--PERSONAL NAME
Personal name ნანიტაშვილი,ნიკოლოზ(ვახტანგ)
245 ## - TITLE STATEMENT
Title ამერიკის შეერთერბული შტატების 100 წლის ისტორია -xx საუკუნე.სახელმძღვანელო ისტორიის ფაკ-ტის სტუდენტებისათვის
260 ## - PUBLICATION, DISTRIBUTION, ETC.
Place of publication, distribution, etc. თბილისი
260 ## - PUBLICATION, DISTRIBUTION, ETC.
Name of publisher, distributor, etc. ქრონოგრაფი
260 ## - PUBLICATION, DISTRIBUTION, ETC.
Date of publication, distribution, etc. 2002
300 ## - PHYSICAL DESCRIPTION
Extent 690 გვ.
653 ## - INDEX TERM--UNCONTROLLED
Uncontrolled term ამერიკის ისტორია
653 ## - INDEX TERM--UNCONTROLLED
Uncontrolled term ისტორია
942 ## - ADDED ENTRY ELEMENTS (KOHA)
Koha item type წიგნი
ეგზემპლარები
Withdrawn status Lost status Damaged status Not for loan Date acquired Barcode Date last seen Price effective from Koha item type
        2018-12-17 847 2018-12-17 2018-12-17 წიგნი